[Event "26th Abu Dhabi Master 2019"]
[Site "Abu Dhabi"]
[Date "2019.08.03"]
[Round "3.15"]
[White "Iniyan, P."]
[Black "Karthikeyan, Murali"]
[Result "1/2-1/2"]
[WhiteElo "2524"]
[BlackElo "2613"]
[Annotator "TA"]
[PlyCount "60"]
[EventDate "2019.08.02"]
[EventType "swiss"]
[EventCountry "UAE"]
[SourceTitle "playchess.com"]
[Source "ChessBase"]
[SourceQuality "1"]

{[%evp 12,60,16,-18,26,16,29,15,17,11,11,-11,-11,-16,-11,-10,0,0,0,-4,0,0,9,10,3,0,0,0,0,-3,9,8,6,-155,-135,-197,-193,-342,-333,-330,-333,-357,-303,-294,0,0,0,-267,0,0,0]} 1. e4 c5 2. Nf3 Nc6 3. Nc3 e6 4. g3 Nf6 5. Bg2 d5 6. exd5 exd5 7. O-O Be7 {B40: Sicilian: 2...e6, Unusual lines} (7... d4 $5 {[%cal Rd4c3]} 8. Re1+ Be7 $11) 8. d4 O-O 9. Bg5 Be6 10. dxc5 Bxc5 11. Na4 (11. Rb1 Re8 12. Bxf6 Qxf6 13. Nxd5 Bxd5 14. Qxd5 Bb6 15. c3 Re2 16. Qg5 Qe6 17. Nh4 h6 {½-½ (71) Melkumyan,H (2654)-Spoelman,W (2578) chess.com INT 2018}) 11... Be7 12. Nd4 Nxd4 13. Qxd4 h6 14. Be3 $146 ({Predecessor:} 14. Bf4 b6 15. Be5 Qd7 16. Rac1 Rac8 17. Nc3 Rc4 {0-1 (31) Foukal,J (1959)-Domanski,L (1587) Valasska Bystrice 2013}) 14... Ng4 15. Nc5 Bxc5 16. Qxc5 Nxe3 17. Qxe3 d4 $1 $36 {[%cal Rd4e3][%mdl 2048] White is under pressure.} 18. Qe4 Qb6 19. b3 Rac8 20. Rac1 Rc7 21. Rfd1 Rd8 22. c3 $2 (22. h4 $11) 22... Rxc3 $17 23. Qxb7 {[#]} (23. Qf4 $17 {was called for.}) 23... Qa5 $1 $19 24. Qe7 (24. Be4 {was necessary.}) 24... Rxc1 25. Rxc1 d3 26. Rd1 d2 {Strongly threatening ...Bg4.} 27. Be4 Rc8 28. Qd6 Rd8 29. Qe7 {[#]} Rc8 $2 (29... g6 $1 $19 {Hoping for ...Kg7.} 30. Bxg6 Rc8) 30. Qd6 $11 Rd8 {Accuracy: White = 47%, Black = 41%.} (30... Rc1 $5 31. Kg2 $8 g6 32. Rxd2 Qh5 33. Qd8+ Kg7 34. Qd4+ Kh7 $11) 1/2-1/2

[Event "26th Abu Dhabi Master 2019"]
[Site "Abu Dhabi"]
[Date "2019.08.03"]
[Round "3.16"]
[White "Aravindh, Chithambaram VR."]
[Black "Vignesh N R"]
[Result "1-0"]
[WhiteElo "2600"]
[BlackElo "2466"]
[Annotator "RC"]
[PlyCount "97"]
[EventDate "2019.08.02"]
[EventType "swiss"]
[EventCountry "UAE"]
[SourceTitle "playchess.com"]
[Source "ChessBase"]
[SourceQuality "1"]
[TimeControl "5400+30"]

1. e4 c5 2. Nf3 d6 3. d4 cxd4 4. Qxd4 Nf6 5. Bb5+ Bd7 6. c4 Nc6 7. Bxc6 Bxc6 8. Nc3 e6 9. O-O Be7 10. Qd3 O-O 11. Nd4 Qc7 12. Re1 Rad8 13. Bg5 h6 14. Bh4 Ng4 15. Bxe7 Qxe7 16. Qg3 Ne5 17. b3 Qg5 18. Rad1 a6 19. Re2 Rd7 20. Red2 Rfd8 21. Nxc6 bxc6 22. Na4 Qh5 23. f3 Kf8 24. Qf2 Ke7 25. Nb6 Rc7 26. c5 d5 27. exd5 exd5 28. g4 Qg5 29. Re2 Kf8 30. Qg3 Re7 31. Rde1 Ng6 32. h4 Qf6 33. Rxe7 Nxe7 34. Qc7 Ng6 35. Nd7+ Rxd7 36. Qxd7 Kg8 37. Qf5 Qd4+ 38. Kf1 Qxc5 39. Qc8+ Kh7 40. Qf5 Kg8 41. h5 Nf8 42. Qc8 Qc3 43. Kf2 Qd4+ 44. Kg3 Qc3 45. Re8 Qc5 46. Kh3 a5 47. Qd8 a4 48. bxa4 d4 49. a5 1-0

[Event "26th Abu Dhabi Master 2019"]
[Site "Abu Dhabi"]
[Date "2019.08.03"]
[Round "3.17"]
[White "Tabatabaei, M.amin"]
[Black "Alavi, Sayed Javad"]
[Result "1-0"]
[WhiteElo "2601"]
[BlackElo "2454"]
[Annotator "TA"]
[PlyCount "66"]
[EventDate "2019.08.02"]
[EventType "swiss"]
[EventCountry "UAE"]
[SourceTitle "playchess.com"]
[Source "ChessBase"]
[SourceQuality "1"]

{[%evp 9,66,0,0,0,0,-17,0,0,1,-11,0,-34,-21,-42,-31,-37,-16,-24,-21,-24,-14,-32,10,10,15,13,66,55,78,77,81,36,18,0,0,0,0,-4,-5,-4,-10,-21,0,-15,9,0,245,254,256,256,256,253,252,238,243,250,259,256,240]} 1. Nf3 d5 2. g3 c6 3. c4 Bg4 4. Bg2 e6 5. h3 (5. O-O Nf6 6. cxd5 exd5 7. d3 Nbd7 8. Nc3 Bd6 9. h3 Bxf3 10. Bxf3 Qe7 11. e4 dxe4 12. Nxe4 Nxe4 13. Bxe4 O-O 14. Re1 Qd8 15. d4 Re8 16. Bd2 Nf6 {½-½ (31) Jones,G (2698)-Hovhannisyan,R (2630) Reykjavik 2019}) 5... Bxf3 6. Bxf3 {A11: English Opening: 1...c6} dxc4 7. Qc2 Qd4 $146 ({Predecessor:} 7... Nd7 8. Qxc4 Ne5 9. Qb3 Nxf3+ 10. Qxf3 Nf6 11. Nc3 Be7 12. O-O Nd5 {½-½ (36) Ladva,O (2517)-Tokranovs,D (2337) Tallinn 2018}) 8. Nc3 {The position is equal.} Nd7 9. b3 cxb3 10. axb3 (10. Qxb3 {with more complications.} Qb6 11. Qc2 Ne5 12. Bg2 Nf6 13. Rb1) 10... Ngf6 11. O-O Be7 12. Ra4 Qb6 13. d4 O-O 14. e4 e5 15. Rd1 a6 16. Be3 {Hoping for dxe5.} Qc7 17. Nd5 Nxd5 (17... Qd6 $1 $11 18. Nxe7+ Qxe7) 18. exd5 $14 exd4 19. Raxd4 {Strongly threatening d6.} Bf6 20. d6 {[%mdl 1024] White has strong compensation.} ({Much weaker is} 20. dxc6 $6 Bxd4 21. Rxd4 bxc6 $15) 20... Qa5 21. b4 Qd8 $1 22. Re4 Re8 23. Qb3 Rxe4 24. Bxe4 Qe8 25. Bd3 Rd8 26. h4 Be5 27. Bf5 Nf6 $2 {[#]} (27... g6 $11 28. Bh3 Bf6) 28. d7 $1 $18 {[%cal Rd7e8][%mdl 512]} Rxd7 (28... Nxd7 29. Qd3) 29. Bxd7 Nxd7 {[#]} 30. Qd3 $1 {[%cal Rd3d7]} Nf8 31. Qd8 Qxd8 32. Rxd8 {And now Bc5 would win.} Bc7 33. Ra8 {Threatens to win with Bc5.} Bd6 {Accuracy: White = 42%, Black = 49%.} 1-0

[Event "26th Abu Dhabi Master 2019"]
[Site "Abu Dhabi"]
[Date "2019.08.03"]
[Round "3.18"]
[White "Gaponenko, Inna"]
[Black "Antipov, Mikhail Al."]
[Result "0-1"]
[WhiteElo "2450"]
[BlackElo "2582"]
[Annotator "TA"]
[PlyCount "100"]
[EventDate "2019.08.02"]
[EventType "swiss"]
[EventCountry "UAE"]
[SourceTitle "playchess.com"]
[Source "ChessBase"]
[SourceQuality "1"]

{[%evp 15,100,0,0,0,0,0,12,-6,33,3,1,0,0,0,20,19,25,0,25,16,21,14,20,0,0,0,0,-14,-8,-42,-43,-52,-52,-70,-62,-57,-50,-70,-60,-62,-62,-62,-62,-62,-62,-60,-51,-61,-55,-58,-76,-96,-41,-43,-34,-48,0,-208,-135,-207,-93,-70,-56,-176,-193,-190,-193,-184,-183,-160,-184,-408,-386,-408,-407,-649,-658,-659,-663,-1068,-988,-5752,-5531,-29979,-29979,-29978,-29975]} 1. e4 c5 2. c3 Nf6 3. e5 Nd5 4. Nf3 d6 5. d4 cxd4 6. cxd4 Nc6 7. Bc4 dxe5 8. dxe5 Ndb4 9. Qxd8+ {B22: Sicilian: 2 c3} Nxd8 10. Na3 a6 (10... Be6 11. O-O Bxc4 12. Nxc4 Rc8 13. b3 e6 14. Rd1 Ndc6 15. Bb2 Be7 16. Nd4 Nxd4 17. Bxd4 {½-½ (30) Lin,C (2508)-Vidit,S (2717) China 2019}) 11. Bd2 {The position is equal.} e6 12. Ke2 b5 13. Bb3 Bb7 14. Nc2 {[#]} Nxc2 $146 ({Predecessor:} 14... Ndc6 15. Nxb4 Bxb4 16. Bxb4 Nxb4 {½-½ (38) Koch,J (2455)-Tregubov,P (2616) Saint-Quentin 2014}) 15. Bxc2 Bd5 16. a4 b4 17. a5 {With the idea Ba4+.} Nc6 18. Ba4 O-O-O $1 19. Rhc1 Kb7 20. Be3 Be7 21. Bxc6+ Bxc6 22. Nd4 Bd5 ({Much worse is} 22... Bxg2 $6 23. f3 $11) 23. f3 Rc8 24. Kd3 Rhd8 25. Rxc8 Rxc8 26. Bd2 f6 27. exf6 gxf6 28. Rc1 Rd8 29. Ke2 h5 30. Nc2 Rc8 31. Ne3 Bc6 32. Ke1 f5 33. Rc4 Ba4 ({Better is} 33... Re8 $1 $17 34. g3 Bb5) 34. Rxc8 $15 Kxc8 {[%mdl 4096] Endgame KBB-KBN} 35. Nc4 {And now Nb6+ would win.} Kc7 (35... Bb5 $5 {[%cal Rb5c4]} 36. Ne5 Bd6 $15) 36. Ke2 $2 (36. Ne5 $1 $11) 36... Kc6 37. Kd3 (37. Ne5+ $17 Kb5 38. Bf4) 37... Kb5 (37... Bb5 $19 {is more deadly. Hoping for ...e5.} 38. b3 Kd5) 38. Be3 $17 Bb3 39. Nd2 (39. Ne5 $1 $15) 39... Bd5 $19 40. Bb6 {[#]} Ka4 $1 41. Bc7 Bf6 42. Kc2 e5 43. b3+ $2 {[#]} (43. Bb6) 43... Ka3 $1 44. Bd6 {intending Nb1+.} e4 45. fxe4 (45. Bf4 $142 Bd8 46. Be3) 45... fxe4 46. Bc5 Bg5 47. g3 e3 48. Nc4+ Bxc4 49. bxc4 e2 50. Bf2 Ka2 {Accuracy: White = 34%, Black = 76%.} 0-1

[Event "26th Abu Dhabi Master 2019"]
[Site "Abu Dhabi"]
[Date "2019.08.03"]
[Round "3.19"]
[White "Bai, Jinshi"]
[Black "Akash Pc, Iyer"]
[Result "1-0"]
[WhiteElo "2606"]
[BlackElo "2441"]
[Annotator "TA"]
[PlyCount "89"]
[EventDate "2019.08.02"]
[EventType "swiss"]
[EventCountry "UAE"]
[SourceTitle "playchess.com"]
[Source "ChessBase"]
[SourceQuality "1"]

{[%evp 20,89,73,79,75,83,91,91,88,97,133,121,132,132,122,108,106,60,63,54,105,103,106,93,156,154,113,24,158,149,149,156,140,144,148,137,151,111,204,191,195,188,181,183,191,131,109,108,225,245,243,222,541,535,541,541,817,804,757,722,864,776,534,236,2169,2014,29978,29977,29976,29972,6123,0]} 1. d4 Nf6 2. Nf3 g6 3. g3 Bg7 4. Bg2 O-O 5. O-O d6 6. b3 Nbd7 7. Bb2 e5 8. dxe5 Ng4 9. Qd2 Ngxe5 10. Nxe5 Nxe5 11. c4 h5 {E60: King's Indian: Unusual lines and Fianchetto Variation without Nc3} (11... Bd7 12. Nc3 Bc6 13. Nd5 a5 14. e4 Bxd5 15. cxd5 b5 16. Rac1 b4 17. f4 Nd7 18. Bxg7 Kxg7 19. Qd4+ {1-0 (55) Donchenko,A (2604)-Iniyan,P (2456) Caleta 2019}) 12. Nc3 h4 13. Rad1 hxg3 {White is better.} 14. hxg3 Nc6 15. Nd5 Ne5 16. f4 Ng4 {White should prevent ...Bxb2.} 17. Bxg7 Kxg7 18. c5 $146 ({Predecessor:} 18. Qd4+ f6 19. e4 Rf7 20. Rd2 Qh8 21. Bf3 Qh3 22. f5 c5 23. Qc3 g5 24. Bxg4 Qxg4 25. Nxf6 {1-0 (25) Thorfinnsson,B (2433)-Arngrimsson,D (2370) Reykjavik 2018}) 18... c6 19. Nc3 {[%cal Bd5c3,Bc3e4,Be4d6][%mdl 32]} d5 (19... Qa5 $14) 20. e4 $16 {[%cal Re4d5]} Qe7 21. Qd4+ (21. exd5 $6 Qxc5+ 22. Qd4+ Qxd4+ 23. Rxd4 Ne3 $11) 21... f6 (21... Qf6 $142) 22. Rfe1 $1 (22. exd5 $6 Qe3+ 23. Qxe3 Nxe3 $14) 22... Re8 23. Re2 (23. exd5 Qxe1+ 24. Rxe1 Rxe1+ 25. Bf1 Bf5 $17) ({White should play} 23. Bf3 $1 $16) 23... dxe4 (23... Qf8 $1 $11 {keeps the balance.}) 24. Nxe4 ({Much worse is} 24. Bxe4 $6 Be6 $11) 24... Bf5 {Strongly threatening ...Red8.} 25. Bf3 $36 {[%mdl 2048] Black is under strong pressure.} Qf8 26. Nd6 Rxe2 27. Bxe2 Qe7 28. Qd2 Qe3+ (28... Kf8 $16) 29. Qxe3 $18 Nxe3 30. Nxf5+ Nxf5 {[%mdl 4096] Endgame KRB-KRN} 31. Rd7+ {[%mdl 64] Double Attack} Kh6 32. Rxb7 (32. Kf2 $18) 32... Nxg3 $16 33. Bf3 Rd8 (33... Nh5 $16 {was necessary.}) 34. Rxa7 $18 Rd2 35. Ra6 ({Don't take} 35. Bxc6 $6 Rc2) 35... f5 $2 (35... Nh5 {is tougher.} 36. Bxh5 (36. Rxc6 Nxf4 37. Rxf6 Kg5 $16) 36... gxh5 37. Rxc6 Kg6) 36. a4 {[%cal Ba2a4,Ba4a5,Ba5a6][%mdl 32]} Rd3 37. Kf2 $1 {[%cal Rf2g3]} Nh5 38. Bxh5 Kxh5 39. Rxc6 Rxb3 {KR-KR} 40. a5 Ra3 {[#]} 41. a6 $1 {Rb6 is the strong threat.} Kg4 $2 {[#]} (41... Ra5 42. Ke3 g5) 42. Rb6 $1 Kxf4 43. c6 Ra2+ 44. Ke1 Ra4 45. Kf2 $2 {[%mdl 32768] Accuracy: White = 71%, Black = 33%. . Sensor Board Error (Ke4/e5)?} (45. c7 $18 Re4+ 46. Kd2) 1-0

[Event "26th Abu Dhabi Master 2019"]
[Site "Abu Dhabi"]
[Date "2019.08.03"]
[Round "3.20"]
[White "Krishna C R G"]
[Black "Petrov, Nikita"]
[Result "1/2-1/2"]
[WhiteElo "2463"]
[BlackElo "2600"]
[Annotator "TA"]
[PlyCount "69"]
[EventDate "2019.08.02"]
[EventType "swiss"]
[EventCountry "UAE"]
[SourceTitle "playchess.com"]
[Source "ChessBase"]
[SourceQuality "1"]

{[%evp 23,69,13,14,0,0,0,0,0,0,-1,56,59,27,0,0,0,0,0,0,0,0,0,0,0,0,0,0,0,25,0,0,0,14,14,14,14,14,14,14,14,14,14,14,2,2,0,14,2]} 1. d4 Nf6 2. c4 e6 3. g3 c5 4. Nf3 cxd4 5. Nxd4 d5 6. Bg2 e5 7. Nf3 d4 8. O-O Nc6 9. e3 Be7 10. exd4 exd4 11. Bf4 O-O 12. Ne5 Qb6 13. Nd2 {E01: Catalan: Early deviations} (13. Nxc6 bxc6 14. Qb3 Be6 15. Rd1 Rac8 16. Qxb6 axb6 17. Rxd4 Bc5 18. Rd2 Bxc4 19. Nc3 Bb4 20. Rc1 Bxc3 21. Rxc3 {½-½ (60) Berkes,F (2666)-Lomasov,S (2559) Skopje 2019}) 13... Nxe5 14. Bxe5 Ng4 15. Nf3 $1 Nxe5 16. Nxe5 Qxb2 ({Better is} 16... Be6 $11) 17. Rb1 $14 Qxa2 18. Bxb7 $146 ({Predecessor:} 18. Bd5 Qa6 19. Re1 Be6 20. Bxb7 Qd6 21. Bxa8 Rxa8 {½-½ (66) Miesbauer,J (2282)-Nagy,G (2472) Ceske Budejovice 2018}) 18... Bxb7 19. Rxb7 Bf6 $36 {[%mdl 2048] Black has some pressure.} 20. Nd7 Qa6 21. Qf3 Rfd8 22. Re1 Rac8 23. c5 Qc6 24. Qxc6 Rxc6 25. Rxa7 h5 26. h4 Rdc8 {The position is equal.} 27. Kg2 R6c7 (27... g6 {is more complex.} 28. Nxf6+ Rxf6 29. Re5 d3 30. Rd7 Rfc6) 28. Rxc7 Rxc7 29. Nxf6+ gxf6 $11 {[%mdl 4096] Endgame KR-KR} 30. Rd1 Rxc5 31. Rxd4 Kg7 32. Kf3 Kg6 33. Ke3 Re5+ 34. Kf3 Ra5 35. Ke4 {Accuracy: White = 46%, Black = 66%.} 1/2-1/2

[Event "26th Abu Dhabi Master 2019"]
[Site "Abu Dhabi"]
[Date "2019.08.03"]
[Round "3.21"]
[White "Socko, Monika"]
[Black "Can, Emre"]
[Result "1/2-1/2"]
[WhiteElo "2443"]
[BlackElo "2595"]
[Annotator "TA"]
[PlyCount "104"]
[EventDate "2019.08.02"]
[EventType "swiss"]
[EventCountry "UAE"]
[SourceTitle "playchess.com"]
[Source "ChessBase"]
[SourceQuality "1"]

{[%evp 21,104,29,41,32,50,-56,-18,-35,-25,-44,-50,-60,-47,-66,-67,-61,-58,-67,-64,-59,-63,-81,-81,-97,-100,-127,-120,-137,-136,-135,-106,-146,-137,-133,-135,-124,-20,-22,0,0,0,0,0,-5,-2,-54,-54,-54,-54,-41,-50,-95,-80,-237,-229,-240,-240,-262,-131,-127,-112,-225,-182,-266,-259,-284,-254,-266,-266,-270,-277,-297,-298,-477,-472,-473,-481,-474,-446,-473,-448,-428,-411,-506,-506]} 1. e4 c5 2. Nf3 d6 3. d4 cxd4 4. Nxd4 Nf6 5. f3 e5 6. Nb3 d5 7. Bg5 Be6 8. Bxf6 gxf6 9. exd5 Qxd5 10. Qxd5 Bxd5 11. Nc3 Be6 12. O-O-O {B55: Sicilian: 2...d6 3 d4 cxd4 4 Nxd4 Nf6 5 f3} (12. Nb5 Kd8 13. O-O-O+ Kc8 14. Nc3 Nd7 15. Nd5 h5 16. Bb5 Bxd5 17. Bxd7+ Kxd7 18. Rxd5+ Ke6 19. Rhd1 h4 20. Kb1 Rg8 21. c4 Rxg2 22. Nd4+ Ke7 23. f4 Rxh2 24. Nf5+ Ke6 25. Nd4+ Ke7 26. Nf5+ Ke6 {½-½ (26) Nabaty,T (2690)-Sjugirov,S (2652) Batumi 2018}) 12... Nc6 13. Nd5 (13. Bb5 $14) 13... Bh6+ 14. Kb1 {The position is equal.} O-O-O 15. Nc3 Rxd1+ 16. Nxd1 Rd8 17. Be2 $146 ({Predecessor:} 17. Nc3 Bxb3 18. axb3 Rd2 19. g3 Nd4 {0-1 (45) Wu,L (2009)-Pubantz,J (2084) Wuerzburg 2018}) 17... Bxb3 18. cxb3 Rd2 $36 {[%mdl 2048] Black fights for an advantage.} 19. Nc3 Nd4 20. Re1 f5 21. b4 Bf4 22. g3 Be3 23. Bd1 f4 24. gxf4 Bxf4 25. h3 h5 26. Ne4 {[#]} Rh2 $1 27. Nd6+ Kc7 28. Nxf7 {[#]} Rxh3 (28... Bg3 $1 $17 {[%cal Rg3e1]} 29. Rg1 h4) 29. Nxe5 $11 h4 30. Ng4 {Threatens to win with Re4.} Bg3 ({Much weaker is} 30... Nxf3 $6 31. Re7+ Kb6 32. Re6+ Kc7 33. Rf6 $16) 31. Rf1 Bf4 32. Re1 Bd6 ({Much worse is} 32... Nxf3 $6 33. Re7+ Kb6 34. Rf7 $16) 33. f4 ({White should try} 33. Nf6 $1 $11) 33... Bxb4 $15 34. Rf1 Nf5 35. Bf3 Bd2 36. Rf2 Rg3 37. Bd1 $2 (37. a3 $17) 37... Be3 $1 $19 {[%cal Re3f2]} 38. Rc2+ Kb6 39. Rc3 Bd4 ({Black should play} 39... h3 $19 {White must now prevent ...Rg1.} 40. Rb3+ Kc7) 40. Rb3+ $17 Rxb3 41. axb3 {[%mdl 4096] Endgame KBN-KBN} (41. Bxb3 $17 Kc5 42. Be6) 41... Bg1 42. Kc2 (42. Bc2 {is a better defense.} Nd6 43. Ne5) 42... h3 $19 43. Kd3 h2 44. Bf3 Ng3 45. Ne5 Kc7 46. Nc4 Bc5 47. Nd2 $2 (47. f5 {was necessary.}) 47... h1=Q 48. Bxh1 Nxh1 49. Ke4 Ng3+ 50. Kf3 Nf5 51. Ke4 Nd6+ 52. Kd5 Be3 {[%mdl 32832] Double Attack. Accuracy: White = 38%, Black = 73%. . An unexpected result.} 1/2-1/2

[Event "26th Abu Dhabi Master 2019"]
[Site "Abu Dhabi"]
[Date "2019.08.03"]
[Round "3.22"]
[White "Laxman, R.R."]
[Black "Vaibhav, Suri"]
[Result "1/2-1/2"]
[WhiteElo "2429"]
[BlackElo "2591"]
[Annotator "ChessBase"]
[PlyCount "105"]
[EventDate "2019.08.02"]
[EventType "swiss"]
[EventCountry "UAE"]
[SourceTitle "playchess.com"]
[Source "ChessBase"]
[SourceQuality "1"]
[TimeControl "5400+30"]

1. d4 {[%emt 0:00:29]} e6 {[%emt 0:00:10]} 2. Nf3 {[%emt 0:00:33]} Nf6 {[%emt 0:00:16]} 3. c4 {[%emt 0:00:47]} d5 {[%emt 0:00:39]} 4. e3 {[%emt 0:01:08]} b6 {[%emt 0:00:41]} 5. Nc3 {[%emt 0:00:45]} Bd6 {[%emt 0:00:05]} 6. Bd3 {[%emt 0:01:05]} Bb7 {[%emt 0:02:06]} 7. O-O {[%emt 0:00:26]} O-O {[%emt 0:00:23]} 8. b3 {[%emt 0:01:43]} dxc4 {[%emt 0:11:12]} 9. bxc4 {[%emt 0:01:16]} c5 {[%emt 0:00:26]} 10. Bb2 {[%emt 0:01:40]} cxd4 {[%emt 0:01:09]} 11. exd4 {[%emt 0:00:07]} Nbd7 {[%emt 0:07:56]} 12. Nb5 {[%emt 0:04:51]} Be7 {[%emt 0:06:01]} 13. Qe2 {[%emt 0:00:57]} Re8 {[%emt 0:01:01]} 14. Rfd1 {[%emt 0:00:45]} Bf8 {[%emt 0:06:59]} 15. Rac1 {[%emt 0:04:11]} a6 {[%emt 0:04:11]} 16. Nc3 {[%emt 0:00:13]} g6 {[%emt 0:00:31]} 17. Ne4 {[%emt 0:01:14]} Nxe4 {[%emt 0:08:26]} 18. Bxe4 {[%emt 0:00:05]} Bxe4 {[%emt 0:04:22]} 19. Qxe4 {[%emt 0:00:07]} Bg7 {[%emt 0:00:08]} 20. Ne5 {[%emt 0:06:47]} Qc7 {[%emt 0:06:32]} 21. Qf4 {[%emt 0:04:02]} f6 {[%emt 0:14:02]} 22. Nd3 {[%emt 0:00:08]} Qxf4 {[%emt 0:01:01]} 23. Nxf4 {[%emt 0:00:02]} Bh6 {[%emt 0:00:12]} 24. g3 {[%emt 0:00:02]} Rac8 {[%emt 0:02:24]} 25. Rc3 {[%emt 0:03:00]} Bxf4 {[%emt 0:06:01]} 26. gxf4 {[%emt 0:00:06]} Kf7 {[%emt 0:01:08]} 27. Ba3 {[%emt 0:01:32]} b5 {[%emt 0:05:22]} 28. Rh3 {[%emt 0:01:46]} h5 {[%emt 0:00:42]} 29. d5 {[%emt 0:00:50]} exd5 {[%emt 0:00:56]} 30. cxb5 {[%emt 0:00:13]} Nb6 {[%emt 0:04:06]} 31. bxa6 {[%emt 0:02:07]} Ra8 {[%emt 0:00:01]} 32. Bc5 {[%emt 0:01:05]} Rxa6 {[%emt 0:00:11]} 33. f5 {[%emt 0:01:34]} gxf5 {[%emt 0:01:32]} 34. Rxh5 {[%emt 0:00:59]} Kg6 {[%emt 0:01:30]} 35. Rh3 {[%emt 0:00:14]} Nd7 {[%emt 0:00:31]} 36. Rxd5 {[%emt 0:00:49]} Nxc5 {[%emt 0:00:53]} 37. Rxc5 {[%emt 0:00:08]} Rxa2 {[%emt 0:01:18]} 38. Rg3+ {[%emt 0:00:05]} Kf7 {[%emt 0:00:02]} 39. Rxf5 {[%emt 0:00:16]} Rh8 {[%emt 0:02:04]} 40. Rf4 {[%emt 0:00:31]} Ra5 {[%emt 0:00:32]} 41. Kg2 {[%emt 0:00:11]} Rah5 {[%emt 0:00:16]} 42. h3 {[%emt 0:00:05]} Rh4 {[%emt 0:01:03]} 43. Rff3 {[%emt 0:00:51]} R8h5 {[%emt 0:00:23]} 44. Ra3 {[%emt 0:00:12]} Rg5 {[%emt 0:00:28]} 45. Kh2 {[%emt 0:00:28]} Kg6 {[%emt 0:00:41]} 46. Ra6 {[%emt 0:00:18]} Rf4 {[%emt 0:01:12]} 47. Rxg5+ {[%emt 0:00:15]} Kxg5 {[%emt 0:00:01]} 48. Kg3 {[%emt 0:00:14]} Rf5 {[%emt 0:00:23]} 49. h4+ {[%emt 0:00:21]} Kg6 {[%emt 0:00:02]} 50. Ra4 {[%emt 0:00:34]} Rb5 {[%emt 0:00:11]} 51. Rg4+ {[%emt 0:00:10]} Kh6 {[%emt 0:00:12]} 52. Rf4 {[%emt 0:00:10]} Kg6 {[%emt 0:00:27]} 53. Kg4 {[%emt 0:00:05]} 1/2-1/2

[Event "26th Abu Dhabi Master 2019"]
[Site "Abu Dhabi"]
[Date "2019.08.03"]
[Round "3.23"]
[White "Santos Latasa, Jaime"]
[Black "Suleymanli, Aydin"]
[Result "1-0"]
[WhiteElo "2594"]
[BlackElo "2416"]
[Annotator "ChessBase"]
[PlyCount "97"]
[EventDate "2019.08.02"]
[EventType "swiss"]
[EventCountry "UAE"]
[SourceTitle "playchess.com"]
[Source "ChessBase"]
[SourceQuality "1"]
[TimeControl "5400+30"]

1. d4 d5 2. c4 c6 3. Nf3 {[%emt 0:00:00]} Nf6 {[%emt 0:00:00]} 4. e3 {[%emt 0:00:13]} e6 {[%emt 0:00:00]} 5. b3 {[%emt 0:00:04]} c5 {[%emt 0:02:43]} 6. cxd5 {[%emt 0:00:13]} Nxd5 {[%emt 0:00:13]} 7. Bb2 {[%emt 0:00:06]} cxd4 {[%emt 0:00:06]} 8. Nxd4 {[%emt 0:00:05]} Bb4+ {[%emt 0:00:08]} 9. Nd2 {[%emt 0:00:08]} O-O {[%emt 0:00:06]} 10. a3 {[%emt 0:00:38]} Bc3 {[%emt 0:01:01]} 11. Bxc3 {[%emt 0:00:16]} Nxc3 {[%emt 0:00:04]} 12. Qc2 {[%emt 0:00:04]} Nd5 {[%emt 0:00:18]} 13. Bd3 {[%emt 0:00:07]} Nf6 {[%emt 0:00:17]} 14. O-O {[%emt 0:00:55]} Qe7 {[%emt 0:01:37]} 15. b4 {[%emt 0:01:23]} Nbd7 {[%emt 0:00:13]} 16. Nc4 {[%emt 0:01:36]} Nb6 {[%emt 0:02:32]} 17. Na5 {[%emt 0:01:17]} e5 {[%emt 0:10:44]} 18. Nf5 {[%emt 0:03:27]} Bxf5 {[%emt 0:00:06]} 19. Bxf5 {[%emt 0:00:05]} g6 {[%emt 0:00:08]} 20. Bh3 {[%emt 0:01:55]} Nbd5 {[%emt 0:00:04]} 21. Rac1 {[%emt 0:01:06]} Rfe8 {[%emt 0:00:39]} 22. Rfd1 {[%emt 0:01:44]} Rad8 {[%emt 0:01:37]} 23. g3 {[%emt 0:02:06]} e4 {[%emt 0:00:09]} 24. Bg2 {[%emt 0:02:06]} Rd7 {[%emt 0:03:52]} 25. Qb2 {[%emt 0:04:01]} h5 {[%emt 0:03:34]} 26. Rd4 {[%emt 0:02:20]} h4 {[%emt 0:05:28]} 27. Nb3 {[%emt 0:01:05]} hxg3 {[%emt 0:00:46]} 28. hxg3 {[%emt 0:00:06]} Qe5 {[%emt 0:01:15]} 29. Nc5 {[%emt 0:08:18]} Rde7 {[%emt 0:00:32]} 30. Qc2 {[%emt 0:00:55]} Qh5 {[%emt 0:04:47]} 31. Nxe4 {[%emt 0:06:20]} Nxe4 {[%emt 0:14:54]} 32. Rxe4 {[%emt 0:00:24]} Rxe4 {[%emt 0:00:16]} 33. Bxe4 {[%emt 0:00:06]} Nf6 {[%emt 0:01:32]} 34. Bg2 {[%emt 0:01:11]} Re5 {[%emt 0:01:05]} 35. Qd1 {[%emt 0:04:50]} Qxd1+ {[%emt 0:04:11]} 36. Rxd1 {[%emt 0:00:19]} b6 {[%emt 0:01:06]} 37. Kf1 {[%emt 0:01:02]} Kg7 {[%emt 0:01:52]} 38. Rd6 {[%emt 0:00:34]} Rf5 {[%emt 0:01:12]} 39. Ke2 {[%emt 0:01:02]} Rb5 {[%emt 0:00:25]} 40. Ke1 {[%emt 0:00:45]} Rf5 {[%emt 0:00:36]} 41. Rc6 {[%emt 0:00:19]} Ng4 {[%emt 0:02:15]} 42. Bh3 {[%emt 0:01:46]} Rf6 {[%emt 0:00:26]} 43. Rxf6 {[%emt 0:03:47]} Nxf6 {[%emt 0:00:01]} 44. Ke2 {[%emt 0:00:10]} Kf8 {[%emt 0:00:09]} 45. Kd3 {[%emt 0:00:09]} Ke7 {[%emt 0:00:06]} 46. e4 {[%emt 0:00:36]} Nh5 {[%emt 0:00:39]} 47. Kd4 {[%emt 0:00:32]} Kd6 {[%emt 0:00:10]} 48. e5+ {[%emt 0:01:29]} Kc6 {[%emt 0:00:10]} 49. a4 {[%emt 0:00:39] Kd5+ Ke4+} 1-0